000 00406nam a2200157Ia 4500
001 16917
008 140404s9999 xx 000 0 und d
040 _cPK-LaUMT
082 _a 297
_bZAH-P
100 _aHafiz Shamsuddin Zahbi
245 _aPahar jesay gunnah (Urdu)
_cHafiz Shamsuddin Zahbi
260 _aLahore,Pakistan:
_bNoor-e-Islam Academy,
_c1998
300 _a79 p.
546 _aEN
942 _cBK
999 _c17354
_d17354